Sports Quiz

Random Sports or Baseball Quiz

California Sports Teams Quiz Stats

 Plays Quiz not verified by Sporcle

Challenge
Share
Tweet
Embed
Score 0/34 Timer 10:00
0 Plays Today
League Team % Correct
NBALos Angeles Lakers
94.4%
NBASacramento Kings
94.4%
NHLLos Angeles Kings
94.4%
MiLB - Giants High ASan Jose Giants
94.4%
MLBLos Angeles Dodgers
93.7%
MLBSan Francisco Giants
93.7%
MLBLos Angeles Angels of Anaheim
92.9%
NFLOakland Raiders
92.1%
NBAGolden State Warriors
92.1%
NBALos Angeles Clippers
91.3%
MLBSan Diego Padres
90.5%
NFLSan Francisco 49ers
89.7%
MLBOakland Athletic's
88.9%
NFL San Diego Chargers
88.1%
NHLSan Jose Sharks
86.5%
NHLAnaheim Ducks
84.1%
FBSCal Golden Bears
81.7%
League Team % Correct
FBSUCLA Bruins
81%
FBSStanford Cardinal
74.6%
FBSUSC Trojans
74.6%
FBSSan Diego State Aztecs
63.5%
MiLB - Giants AAAFresno Grizzlies
62.7%
FBSSan Jose State Spartans
54.8%
FBSFresno State Bulldogs
50.8%
MiLB - Athletic's AAASacramento River Cats
42.1%
MiLB - Athletic's High AStockton Ports
28.6%
MiLB - Reds High ABakersfield Blaze
27%
MiLB - Rockies High AModesto Nuts
26.2%
MiLB - Dodgers High ARancho Cucamonga Quakes
24.6%
MiLB - Diamondbacks High AVisalia Rawhide
20.6%
MiLB - Mariners High AHigh Desert Mavericks
19.8%
MiLB - Astros High ALancaster JetHawks
19%
MiLB - Padres High ALake Elsinore Storm
17.5%
MiLB - Angels High AInland Empire 66ers
11.1%

You're not logged in!

Compare scores with friends on all Sporcle quizzes.
Join for Free
OR
Log In

You Might Also Like...

Show Comments

Extras

Top Quizzes Today


Score Distribution

Your Account Isn't Verified!

In order to create a playlist on Sporcle, you need to verify the email address you used during registration. Go to your Sporcle Settings to finish the process.

Report this User

Report this user for behavior that violates our Community Guidelines.

Details: